Gaming Quiz

Random Gaming or Video Games Quiz

Top Selling PS2 Games Quiz Stats

 Plays Quiz Updated Feb 22, 2019

Score 0/22 Timer 08:00
2 Plays Today
Units (millions) Game % Correct
13.10Grand Theft Auto III
60.5%
20.81Grand Theft Auto: San Andreas
53.2%
16.15Grand Theft Auto: Vice City
52.1%
8.05Final Fantasy X
44.9%
5.23Madden NFL 2004
34.7%
6.05Metal Gear Solid 2: Sons of Liberty
30.8%
5.95Final Fantasy XII
30.7%
14.98Gran Turismo 3 A-Spec
30%
11.66Gran Turismo 4
23%
6.40Kingdom Hearts
21.7%
5.42Crash Bandicoot: Wrath of Cortex
18.1%
Units (millions) Game % Correct
4.91Madden NFL 2006
18.1%
5.29Final Fantasy X-2
16%
4.98Guitar Hero III: Legends of Rock
13.4%
5.12Guitar Hero II
13.1%
7.20Need for Speed: Underground
10.5%
6.90Need for Speed: Underground 2
6.2%
4.70Simpsons: Hit and Run
4.6%
5.21Dragon Quest VIII
4.1%
4.67Lord of the Rings: Two Towers
3.5%
6.83Medal of Honor: Frontline
2%
5.13Medal of Honor: Rising Sun
1.5%

You're not logged in!

Compare scores with friends on all Sporcle quizzes.
OR
Log In

Sporcle TV

Today on Sporcle TV


Watch our educational content, quiz creation guides, and fun videos on Sporcle TV.

Show Comments

Extras

Top Quizzes Today


Score Distribution

Your Account Isn't Verified!

In order to create a playlist on Sporcle, you need to verify the email address you used during registration. Go to your Sporcle Settings to finish the process.

Report this User

Report this user for behavior that violates our Community Guidelines.

Details: